000 00592nam a2200193Ia 4500
005 20250508154132.0
008 008 250505s9999 xx 000 0 eng d
037 _aDissertations
040 _aFEDL
_beng
_cFEDL
041 _aeng
_2eng
084 _a371.26, SHR/DI
_qFEDL
100 _aShrawan Kumar
245 0 _aStudy of the effectiveness of the objective types of items for achievement in botany for class 10th
260 _c1966
300 _a39p.
546 _aM. Ed. Dissertation (Agra University)
942 _cDIS
_h371.26, SHR/DI
999 _c1347903
_d1347903